Маркетинговые коммуникации: учебное пособие

מידע ביבליוגרפי
מחבר ראשי: Беркутова Т. А. Татьяна Алексеевна
סיכום:В учебном пособии рассматриваются основные элементы комплекса маркетинговых коммуникаций: реклама, стимулирование сбыта, личные продажи, связи с общественностью и другие вопросы, касающиеся установления и поддержания взаимоотношений между экономическими субъектами. Содержание учебного пособия соответствует требованиям государственных образовательных стандартов по специальностям 080111 — «Маркетинг», 080301 — «Коммерция». Учебное пособие предназначено для студентов вузов.
שפה:רוסית
יצא לאור: Ростов-на-Дону, Феникс, 2008
סדרה:Высшее образование
נושאים:
פורמט: ספר
KOHA link:https://koha.lib.tpu.ru/cgi-bin/koha/opac-detail.pl?biblionumber=144148

MARC

LEADER 00000nam0a2200000 4500
001 144148
005 20231101221058.0
010 |a 9785222130315 
035 |a (RuTPU)RU\TPU\book\156229 
090 |a 144148 
100 |a 20080930d2008 m y0rusy50 ca 
101 0 |a rus 
102 |a RU 
105 |a a j 001zy 
200 1 |a Маркетинговые коммуникации  |e учебное пособие  |f Т. А. Беркутова 
210 |a Ростов-на-Дону  |c Феникс  |d 2008 
215 |a 254 с.  |c ил. 
225 1 |a Высшее образование 
320 |a Библиогр.: с. 253-254. 
330 |a В учебном пособии рассматриваются основные элементы комплекса маркетинговых коммуникаций: реклама, стимулирование сбыта, личные продажи, связи с общественностью и другие вопросы, касающиеся установления и поддержания взаимоотношений между экономическими субъектами. Содержание учебного пособия соответствует требованиям государственных образовательных стандартов по специальностям 080111 — «Маркетинг», 080301 — «Коммерция». Учебное пособие предназначено для студентов вузов. 
606 1 |a Маркетинг  |2 stltpush  |3 (RuTPU)RU\TPU\subj\41036  |9 60857 
610 1 |a экономика 
610 1 |a маркетинговые коммуникации 
610 1 |a реклама 
610 1 |a рекламная деятельность 
610 1 |a психология 
610 1 |a рекламные кампании 
610 1 |a рекламные агенты 
610 1 |a личные продажи 
610 1 |a связи с общественностью 
610 1 |a PR 
610 1 |a коммуникационные стратегии 
610 1 |a фирменный стиль 
610 1 |a бренды 
610 1 |a учебные пособия 
610 1 |a печатная реклама 
610 1 |a аудиовизуальная реклама 
610 1 |a почтовая реклама 
610 1 |a реклама на транспорте 
610 1 |a реклама в местах продаж 
610 1 |a рекламные тексты 
610 1 |a рекламные агентства 
610 1 |a сбыт 
610 1 |a стимулирование 
610 1 |a товары 
610 1 |a образцы 
610 1 |a скидки 
610 1 |a купоны 
610 1 |a премии 
610 1 |a клиенты 
610 1 |a продавцы 
610 1 |a типы 
610 1 |a управление 
610 1 |a суббренды 
686 |a У9(2)212.4я73  |v LBC/SL-A  |2 rubbk 
700 1 |a Беркутова  |b Т. А.  |g Татьяна Алексеевна 
801 1 |a RU  |b 63413507  |c 20080930  |g PSBO 
801 2 |a RU  |b 63413507  |c 20150519  |g PSBO 
900 |a Маркетинговые коммуникации 
900 |a Рекламная деятельность 
900 |a Реклама и рекламная деятельность 
900 |a Выставочная работа 
942 |c BK 
951 |b 080111 
955 |b 080111  |b 080300  |b 080301 
959 |a 82/20080924  |d 1  |e 105,00  |f ЧЗГЛ:1 
959 |a 97/20081029  |d 1  |e 105,00  |f АНЛ:1